| 000 | 00591nam a2200205 a 4500 | ||
|---|---|---|---|
| 001 | 2056 | ||
| 003 | CDMR | ||
| 005 | 20131106135500.0 | ||
| 008 | 130130s1984||||||||||||||||||||||||||||d | ||
| 020 | _a8429721363 | ||
| 040 |
_aCDMR _bcat _cCDMR |
||
| 100 | 1 |
_aParés i Maicas, Manuel _9794 |
|
| 245 | 1 | 3 |
_aLa ideologia regional de la premsa espanyola _b: (1966-1973) _cManuel Parés i Maicas |
| 260 |
_aBarcelona _c1984 _bEdicions 62 |
||
| 300 | _a392 p. | ||
| 490 | 0 |
_aLlibres a l'abast _v191 |
|
| 650 | 0 | 4 |
_94090 _aPremsa i política _zEspanya |
| 650 | 0 | 4 |
_94273 _aRegionalisme |
| 942 |
_cMON _2udc |
||
| 999 |
_c2056 _d2056 |
||